| 000 | 00522nam a2200205 a 4500 | ||
|---|---|---|---|
| 005 | 20210219153448.0 | ||
| 008 | 991125n 000 0 spa u | ||
| 035 | _aUPN01000101236 | ||
| 100 | 1 | _aVelázquez, Gloria | |
| 222 | _aPANORAMA UNIVERSITARIO | ||
| 245 | _aSu excelencia : ensenanza superior | ||
| 300 | _a10-11 | ||
| 362 | 0 | _a1997 No. 23 | |
| 653 | 0 | _aAAPAUNAM | |
| 653 | 0 | _aSINDICALISMO UNIVERSITARIO | |
| 653 | 0 | _aSTUNAM | |
| 653 | 0 | _aUNIVERSIDAD PUBLICA | |
| 904 |
_aAC _b039047 |
||
| 905 | _aArticulo | ||
| 999 |
_c77520 _d77520 |
||